000
00292nam a22001337a 4500
008
170227b xxu||||| |||| 00| 0 eng d
020
_a
9780683304596
041
_a
eng
080
_a
577
100
_a
5
101
_a
SHMD
245
_a
HIGH-YIELD BIOCHEMISTRY
_c
WILCOX, R.B
942
_2
udc
_c
BK
999
_c
6314
_d
6314